00856nam a2200217 a 4500001001000000003000500010005001700015008004100032010001100073011001100084040000900095100002700104245015200131260004100283500006000324502009100384650003400475650003500509650002400544856007000568000112100CHAP20220329144246.0151203s2015 mx sm |||||||spa d a108561 a109533 cCHAP1 aSantiago Cruz, Argelia10aDeterminación y análisis de los costos de producción de la fresa en el Valle de Zamora, Michoacánm[En línea]cpor Argelia Santiago Cruz. aChapingo, Méx. :bEl autor,c2015. aPara ver el contenido del material haga clic en la liga aTesis (Lic. en Economía) -- UACH. División de Ciencias Económico administrativas14aFresaxAspectos económicos.14aFresaxCostos de producción.14aFresaxRendimiento. aFinding aiduhttp://10.13.5.2/tesis/sist112100.pdfzTeclea aquí